00446nam a2200169Ia 450000500170000000800410001702000180005804100120007608200140008810000280010224500680013025000080019826000140020650000080022065000270022870000210025520240823054923.0240823s9999||||xx |||||||||||||| ||und|| a1-85233-302-2 aENGLISH A629.83 P0 a"Emelynov, Stanislav V" 0aControl of Complex and Uncertain Systems: New Types of Feedback a1st c2000bSpr aYES aMechanicalbMechanical a"Kovin,Sergey K"